Spoločenská zodpovednosť transnacionálnych korporácií diplomová práca

Gespeichert in:
Bibliographische Detailangaben
1. Verfasser: Miladinovič, Alexandra
Körperschaft: Obchodná fakulta EU. Katedra medzinárodného obchodu
Weitere Verfasser: Škorvagová, Simona
Format: Buch
Sprache:Slowakisch
Veröffentlicht: Bratislava 2016
Tags: Tag hinzufügen
Keine Tags, Fügen Sie das erste Tag hinzu!

MARC

LEADER 00000nbm a2200000 4500
001 0216594
005 20161123150811.9
041 0 |a slo 
044 |a SK 
245 1 0 |a Spoločenská zodpovednosť transnacionálnych korporácií  |b diplomová práca  |c Alexandra Miladinović ; školiteľ: Simona Škorvagová 
264 1 |a Bratislava  |c 2016 
300 |a 81 s. 
100 1 |a Miladinovič, Alexandra 
700 1 |a Škorvagová, Simona 
710 2 |a Obchodná fakulta EU. Katedra medzinárodného obchodu